000 00275nam a22001337a 4500
008 170313b xxu||||| |||| 00| 0 eng d
020 _a0697051331
041 _aeng
080 _a591
100 _a7
101 _aSHM
245 _aFETAL PIG
_cODLAUG, TH.O
942 _2udc
_cBK
999 _c7727
_d7727